Jogadores marcadores das últimas 10 finais de Copa do Mundo FIFA - Statistics

Estatísticas Gerais
  • Esse quiz foi jogado 92 vezes
    70 desde o último reset
  • A pontuação média é 13 de 22
Estatísticas das Respostas
Ano Contra Seleção Jogador % Correto
Argentina França (3 gols) Kylian Mbappé
100%
Croácia França Kylian Mbappé
100%
2022 França Argentina (2 gols) Lionel Messi
100%
2002 Alemanha Brasil (2 gols) Ronaldo
97%
2010 Holanda Espanha Andrés Iniesta
91%
Itália França Zinedine Zidane
91%
1998 Brasil França (2 gols) Zinedine Zidane
91%
França Argentina Angel Di Maria
89%
2014 Argentina Alemanha Mario Götze
78%
Croácia França Antoine Griezmann
74%
Croácia França Paul Pogba
71%
França Croácia Mario Mandžukić
68%
França Croácia Ivan Perišić
63%
2018 Croácia França (gol contra) Mario Mandžukić
62%
2006 França Itália Marco Materazzi
46%
Brasil França Emmanuel Petit
35%
Argentina Alemanha Rudi Völler
12%
Alemanha Argentina Burruchaga
9%
1990 Argentina Alemanha Andreas Brehme
6%
Argentina Alemanha Rummenigge
3%
Alemanha Argentina Valdano
3%
1986 Alemanha Argentina José Luis Brown
2%
Nenhum quiz correspondente encontrado
Distribuição das Pontuações
Porcentagem de Pessoas com Cada Pontuação
Percentil de Números Respondidos
Sua Pontuação Histórica
Você não jogou esse quiz desde o último reset